000 00626nam a2200277Ia 4500
005 20260324141851.0
008 008 260324s9999 xx 000 0 eng d
020 _a9781315005645
037 _aEBOOK
040 _aCRL
040 _beng
040 _cCRL
041 _2eng
041 _aeng
084 _qCRL
100 _aOtto Cartellieri
_91209815
245 4 _aThe Court of Burgundy
260 _bTaylor and Francis
260 _c1996
365 _a
365 _b510
856 _uhttp://www.taylorfrancis.com/books/9781315005645
942 _cEBOOK
999 _c1813349
_d1813349